| 000 | 00618nam a2200229Ia 4500 | ||
|---|---|---|---|
| 003 | OSt | ||
| 005 | 20221007071947.0 | ||
| 006 | a|||||r|||| 00| 0 | ||
| 007 | ta | ||
| 008 | 221006b |||||||| |||| 00| 0 eng d | ||
| 024 | _a16,583 | ||
| 037 | _cTextual | ||
| 040 |
_aFLL _cFLL _beng |
||
| 041 |
_2eng _aeng |
||
| 082 | _aY1:45:6:3, L1;1 | ||
| 100 |
_aCarson W.G. _927078 |
||
| 245 | 0 | _aCrime and delinquency in Britain | |
| 260 |
_aLondon _bMartin Robertson & Co. Ltd. England _c1971 |
||
| 300 |
_a258p _ccm. |
||
| 942 |
_hY1:45:6:3, L1;1 _cTEXL _2CC |
||
| 999 |
_c1144796 _d1144796 |
||